Code IATA - Monde - Statistiques

Statistiques générales
  • Ce quiz a été pris 66 fois
  • Le résultat moyen est 28 sur 50
Statistiques - réponses
Code Réponse % Correct
DXB Dubaï International
93%
IST Istanbul International
93%
LAX Los Angeles International
93%
AMS Amsterdam Schiphol
91%
CDG Paris Charles de Gaulle
91%
ATL Atlanta Hartsfield-Jackson
88%
MAD Madrid Barajas
88%
JFK New York John-F. Kennedy
88%
MEX Mexico Benito-Suarez
86%
LHR Londres Heathrow
84%
FRA Francfort-sur-le-Main
81%
LGW Londres Gatwick
81%
MIA Miami International
79%
BKK Bangkok Suvarnabhumi
77%
DOH Doha Hamad
74%
SIN Singapour Changi
74%
SEA Seattle-Tacoma
72%
DEN Denver International
70%
PEK Pékin Capital
70%
SFO San Francisco International
67%
BCN Barcelone El-Prat
65%
BOS Boston Logan
63%
DEL Delhi Indira Gandhi
63%
MCO Orlando International
63%
PHX Phoenix Sky Harbor
63%
HND Tokyo Haneda
63%
JED Jeddah King Abdulaziz
56%
LAS Las Vegas Harry Reid
56%
BOM Mumbai Chhatrapati Shivaji Maharaj
56%
KUL Kuala Lumpur International
53%
PVG Shanghai Pudong
53%
YYZ Toronto Pearson
53%
SHA Shanghai Hongqiao
51%
ORD Chicago O'Hare
49%
ICN Séoul Incheon
42%
EWR Newark Liberty
40%
GRU São Paulo Guarulhos
40%
MNL Manille Ninoy Aquino
37%
DFW Dallas Fort-Worth
28%
SGN Ho Chi Minh Ville Tan Son Nhat
23%
IAH Houston George Bush Intercontinental
21%
CGK Jakarta Soekarno-Hatta
16%
CAN Canton Baiyun-Huadu
14%
CLT Charlotte Douglas
9%
CKG Chongqing Jiangbei
7%
KMG Kunming Changshui
7%
SZX Shenzhen Bao'an
7%
TFU Chengdu Tianfu
5%
HGH Hangzhou Xiaoshan
5%
XIY Xi'an Xianyang
5%
Aucun quiz correspondant
Distribution des résultats
% des personnes avec chaque résultat
Percentile par nombre de réponses
Votre historique - résultats
Vous n’avez pas pris ce quiz